Ja Morant quiz - Statistics

General Stats
  • This quiz has been taken 411 times
    379 since last reset
  • The average score is 7 of 10
Answer Stats
Question Answer % Correct
What team does he play for? Memphis Grizzlies
96%
What is his jersey number? 12
95%
What position does he play? Point Guard
88%
What is his real name? Temetrius Jamel Morant
85%
Which college did Ja Morant went to? Murray State University
75%
Who was drafted first before Morant in NBA draft ? Zion Williamson
74%
Which year draft this was? 2019
71%
In what year was Ja Morant born? 1999
61%
How much Morant got fined for doing the gun celebration? 75k
48%
Against which team this was? Miami Heat
36%
No matching quizzes found
Score Distribution
Percent of People with Each Score
Percentile by Number Answered
Your Score History
You have not taken this quiz since the last reset